[Event "CHI-ch sf qual U1600"]
[Site "La Cruz"]
[Date "2019.12.29"]
[Round "5.3"]
[White "Gallardo Vasconez, Fernando"]
[Black "Neira Zamudio, Rafael Thomas"]
[Result "1-0"]
[WhiteElo "1309"]
[BlackElo "1466"]
[PlyCount "38"]
[EventDate "2019.12.29"]
[EventType "swiss"]
[EventRounds "5"]
[EventCountry "CHI"]
[SourceTitle "EXT 2024"]
[Source "ChessBase"]
[SourceDate "2023.10.10"]
[SourceVersion "1"]
[SourceVersionDate "2023.10.10"]
[SourceQuality "1"]

1. e4 c5 2. c3 Nc6 3. d4 cxd4 4. cxd4 d5 5. e5 Qb6 6. Nf3 Bg4 7. Be3 Bxf3 8. gxf3 Qxb2 9. Nd2 Nxd4 10. Qa4+ Nc6 11. Rb1 Qxe5 12. Rxb7 Qe6 13. Bh3 Qd6 14. Bd7+ Qxd7 15. Rxd7 Kxd7 16. 0-0 e6 17. Rb1 Nge7 18. Rb7+ Kc8 19. Qa6 Nb8 1-0

[Event "CHI-ch sf qual U1600"]
[Site "La Cruz"]
[Date "2019.12.29"]
[Round "1.5"]
[White "Gallardo Vasconez, Fernando"]
[Black "Ponce Fernandez, Annette"]
[Result "1-0"]
[WhiteElo "1309"]
[BlackElo "960"]
[PlyCount "124"]
[EventDate "2019.12.29"]
[EventType "swiss"]
[EventRounds "5"]
[EventCountry "CHI"]
[SourceTitle "EXT 2024"]
[Source "ChessBase"]
[SourceDate "2023.10.10"]
[SourceVersion "1"]
[SourceVersionDate "2023.10.10"]
[SourceQuality "1"]

1. e4 e5 2. Nf3 Nc6 3. Bc4 h6 4. 0-0 Nf6 5. Re1 Bc5 6. c3 0-0 7. d4 Bd6 8. Nbd2 Re8 9. Bd3 b6 10. Nf1 Bb7 11. Ng3 a5 12. Bc2 Ba6 13. Nf5 Qb8 14. Nxd6 cxd6 15. d5 Ne7 16. Nh4 g5 17. Nf3 Kg7 18. h3 Ng6 19. Nh2 Qc7 20. Ng4 Qd8 21. Qf3 Nh4 22. Qxf6+ Qxf6 23. Nxf6 Kxf6 24. Be3 Rab8 25. Rad1 Rg8 26. Bd3 Bxd3 27. Rxd3 Kg7 28. Kf1 f5 29. f3 f4 30. Bf2 Ng6 31. Ke2 Rgc8 32. Rc1 b5 33. Rd2 a4 34. Rdc2 Ra8 35. c4 bxc4 36. Rxc4 Rxc4 37. Rxc4 Kf7 38. Kd3 Rb8 39. Kc3 Ra8 40. b3 axb3 41. Kxb3 Ne7 42. Ra4 Rb8+ 43. Rb4 Rxb4+ 44. Kxb4 Ke8 45. h4 Kd8 46. a4 Kc8 47. a5 Kb8 48. hxg5 hxg5 49. g3 Kb7 50. gxf4 gxf4 51. Kb5 Nc8 52. Bg1 Na7+ 53. Bxa7 Kxa7 54. a6 Ka8 55. Kb6 Kb8 56. a7+ Ka8 57. Kc7 Kxa7 58. Kxd7 Kb6 59. Kxd6 Kb7 60. Kxe5 Kc7 61. Kxf4 Kd6 62. Kf5 Ke7 1-0

[Event "Vina del Mar CEPA 6th"]
[Site "Vina del Mar"]
[Date "2018.05.26"]
[Round "3.1"]
[White "Sepulveda Rojas, Jorge Moises"]
[Black "Gallardo Vasconez, Fernando"]
[Result "1-0"]
[WhiteElo "2207"]
[BlackElo "1367"]
[PlyCount "47"]
[EventDate "2018.05.25"]
[EventType "swiss"]
[EventRounds "5"]
[EventCountry "CHI"]
[SourceTitle "EXT 2024"]
[Source "ChessBase"]
[SourceDate "2023.10.10"]
[SourceVersion "1"]
[SourceVersionDate "2023.10.10"]
[SourceQuality "1"]

1. e4 e5 2. Nf3 Nc6 3. d4 exd4 4. Nxd4 Bc5 5. Nb3 Bb6 6. Nc3 d6 7. Qe2 Nf6 8. Be3 Bxe3 9. Qxe3 0-0 10. 0-0-0 Re8 11. f4 Qe7 12. Bd3 Bg4 13. Rde1 a6 14. h3 Bd7 15. g4 Be6 16. Qf2 Nd7 17. Nd2 Nc5 18. f5 Nxd3+ 19. cxd3 Nb4 20. Qe3 Bd7 21. a3 Nc6 22. Nd5 Qd8 23. f6 g6 24. Qh6 1-0

[Event "CHI-ch qual Quilpue"]
[Site "Quilpue"]
[Date "2017.12.09"]
[Round "2.2"]
[White "Riquelme Cifuentes, Esteban"]
[Black "Gallardo Vasconez, Fernando"]
[Result "1-0"]
[WhiteElo "1575"]
[BlackElo "1159"]
[PlyCount "89"]
[EventDate "2017.12.09"]
[EventType "swiss"]
[EventRounds "6"]
[EventCountry "CHI"]
[SourceTitle "EXT 2024"]
[Source "ChessBase"]
[SourceDate "2023.10.10"]
[SourceVersion "1"]
[SourceVersionDate "2023.10.10"]
[SourceQuality "1"]

1. d4 d5 2. c4 e6 3. Nf3 Bb4+ 4. Bd2 Nc6 5. e3 Nf6 6. Bd3 Ne4 7. Bxb4 Nxb4 8. Qa4+ Nc6 9. Ne5 Bd7 10. Nxd7 Qxd7 11. 0-0 0-0 12. Nc3 Nxc3 13. bxc3 Qe7 14. Rab1 Rab8 15. Qc2 g6 16. cxd5 exd5 17. c4 Nb4 18. Qd2 Nxd3 19. Qxd3 Qe4 20. Qxe4 dxe4 21. f3 f5 22. fxe4 fxe4 23. Rxf8+ Kxf8 24. Kf2 Kg7 25. h4 b6 26. Rb5 Rf8+ 27. Kg3 Rf5 28. Rxf5 gxf5 29. Kf4 Kf6 30. d5 a5 31. a4 h6 32. h5 Ke7 33. Kxf5 Kd6 34. Kxe4 Kc5 35. Kd3 Kb4 36. e4 Kxa4 37. e5 Kb3 38. e6 a4 39. e7 a3 40. e8Q a2 41. Qb5+ Ka3 42. Kc2 a1N+ 43. Kc3 c6 44. Qb2+ Ka4 45. Qb4# 1-0